00655 2200253 4500001002100000005001700021008004100038035002400079082001200103090001900115100002100134245006100155250001000216260003000226300002500256500002700281650001600308700001800324850001300342980001300355985000600368986001200374999001500386YOGYA-0209000001920320090227022944.0 ind  0010-020900000019203 a621.381 a621.381bIra M aIRAWAN HRS, Agus aMari berhoby elektonikacAgus Irawan HRS, Sunggogono Asi aCet.6 aPekalonganbBahagiac1996 a155 hlmbilusc21 cm aBibliografi : hlm. 155 aElektronika aAsi, Sunggono aYOPDYOGB a09-03-06 a1 aPKL-ATM a97P0098131